| 000 | 00557nam a2200157 i 4500 | ||
|---|---|---|---|
| 001 | 44438 | ||
| 003 | ES-MaACL | ||
| 005 | 20230906161030.0 | ||
| 007 | t| | ||
| 008 | 030321s1959 sp ||||1| spa d | ||
| 245 | 0 | 0 |
_aCódigo civil español _b: ajustado a la edición oficial y a las últimas reformas. |
| 260 |
_aMadrid : _bUniversitaria, _c1959. |
||
| 300 |
_a573 p. ; _c14 cm. |
||
| 500 | _aLos artículos seguidos de un asterisco han sido modificados por la Ley de 24 de abril de 1958 (Boletín Oficial del 25) | ||
| 852 |
_aES-MaACL _jC-17382 _bR.43721 |
||
| 999 |
_c44438 _d44438 |
||